The Seven Summits - Sudden Death - Statistics

General Stats
  • This quiz has been taken 186 times
  • The average score is 3 of 7
Answers on the Grid
Answers color-coded by a green-red scale on the quiz's grid according to % correct below.
Mount Kilimanjaro
Mount Elgon
Mount Kenya
K2
Annapurna
Mount Everest
Mount Erebus
Mount Sidley
Mount Vinson
Puncak Jaya
Aoraki / Mount Cook
Mount Wilhelm
Matterhorn
Mont Blanc
Mount Elbrus
Denali
Mount Logan
Mount Rainier
Ojos del Salado
Aconcagua
Huascarán
 
Answer Stats
Answer % Correct
Mount Kilimanjaro
94%
Mount Everest
70%
Denali
45%
Aconcagua
36%
Mount Vinson
36%
Mount Elbrus
34%
Puncak Jaya
23%
No matching quizzes found
Score Distribution
Percent of People with Each Score
Percentile by Number Answered
Your Score History
You have not taken this quiz